Serial Experiments Lain Characters - Statistics

General Stats
  • This quiz has been taken 23 times
  • The average score is 4 of 14
Answer Stats
Hint Answer % Correct
The protagonist and titular character, she is revealed to be the true God of the Wired Lain Iwakura
90%
The protagonist's only true friend, who ultimately saves her from total ruin Alice Mizuki
67%
The sister of the protagonist Mika Iwakura
52%
The girl who emails the protagonist in the beginning of the series after she commits suicide Chisa Yomoda
43%
The closest thing to an antagonist of the series, he attempts to implement Protocol 7 to fully merge the Wired and the real world Masami Eiri
33%
The father of the protagonist Yasuo Iwakura
24%
One of the two agents who followed the protagonist throughout the series; he is German Karl Haushoffer
19%
One of the two agents who followed the protagonist throughout the series; he is Chinese Lin Suixi
19%
The mother of the protagonist Miho Iwakura
19%
Another friend of the above two characters Reika Yamamoto
19%
A regular at Cyberia, he is revealed to sometimes work with the Knights for various duties Taro
19%
A friend of the above character Julie Kato
14%
A friend of the above character and regular at Cyberia Masayuki
10%
Another friend of the two above characters and regular at Cyberia Myu-Myu
10%
No matching quizzes found
Score Distribution
Percent of People with Each Score
Percentile by Number Answered
Your Score History
You have not taken this quiz